Insurance - linked securities (ILS)

Cenné papiere naviazané na poistenie (ILS – insurance-linked securities) sú nástrojom na obchodovanie s peňažnými tokmi v poistení za účelom prenosu rizika. Poisťovňa (resp. zaisťovňa) emituje takéto cenné papiere z dôvodu, že nimi vie zvýšiť svoju poistnú kapacitu a vie získať takýmto spôsobom niek...

Ausführliche Beschreibung

Gespeichert in:
Bibliographische Detailangaben
1. Verfasser: Smažáková, Lenka, 1991-
Weitere Verfasser: Pinda, Ľudovít, 1958-
Format: Buchkapitel
Sprache:Slowakisch
Schlagworte:
Tags: Tag hinzufügen
Keine Tags, Fügen Sie das erste Tag hinzu!

MARC

LEADER 00000nla a2200000 4500
001 0236850
005 20240502073828.5
041 0 |a slo 
044 |a SK 
245 1 0 |a Insurance - linked securities (ILS)  |c Lenka Smažáková, Ľudovít Pinda 
520 |a Cenné papiere naviazané na poistenie (ILS – insurance-linked securities) sú nástrojom na obchodovanie s peňažnými tokmi v poistení za účelom prenosu rizika. Poisťovňa (resp. zaisťovňa) emituje takéto cenné papiere z dôvodu, že nimi vie zvýšiť svoju poistnú kapacitu a vie získať takýmto spôsobom niekoľkoročnú alternatívu k zaistnému kontraktu. Tento článok sa zaoberá jedným z typov ILS a to katastrofickým dlhopisom. 
610 2 0 |a papiere cenné 
610 2 0 |a dlhopisy 
610 2 0 |a poistenie 
610 2 0 |a poisťovne 
610 2 0 |a investori 
100 1 |a Smažáková, Lenka, 1991- 
700 1 |a Pinda, Ľudovít, 1958-